01415nab a22002417a 4500999001500000003000400015005001700019008004100036040000700077100003500084245013700119300001500256500003600271505042600307505012700733650002800860650001800888650003200906650003200938650003500970773015501005942001301160 c5743d5743OSt20260101203239.0190514b xxu||||| |||| 00| 0 spa d cPJ 96661aComoglio, María Julia 10aViolencia de género económica en contexto de divorcio. Los lentes violetas en una decisión platense /cMaría Julia Comoglio. ap. 100-109 aCita: TR LALEY AR/DOC/455/2025. aSumario: I. Introducción.— II. El caso platense bajo la lupa.— III. Género y dinero.— IV. Constitucionalización y convencionalización del derecho privado: herramientas para la igualdad de género.— V. Ganancialidad, deudas y derecho a recompensa.— VI. El abordaje de los casos "en contexto".— VII. Colaboración en la producción de la prueba. El valor del silencio.— VIII. Reflexiones finales.  aFallo comentado: Civ. y Com. Nro. 25, La Plata ~ 14/04/2023 ~ I., E. N. s/ divorcio vincular por presentación conjunta. 09967aDERECHO DE FAMILIA 09977aDIVORCIO 093053aVIOLENCIA DE GÉNERO 0aVIOLENCIA ECONÓMICA95360 091057aJURISPRUDENCIA APLICABLE0 0284493222dBuenos Aires : AbeledoPerrot, 1989-tDerecho de familia. Revista Interdisciplinaria de doctrina y jurisprudencia. Abril 2025-II.z18511201 2udccANA